[Event "OLNN 1920 Preetzer TSV - SK Doppelbauer"]
[Site "?"]
[Date "2019.11.24"]
[Round "3.1"]
[White "Arndt, Magnus"]
[Black "Dyrgaard, Kristoffer"]
[Result "1/2-1/2"]
[WhiteElo "2282"]
[BlackElo "2291"]
[PlyCount "59"]
[EventDate "2019.??.??"]

1. d4 Nf6 2. Bf4 g6 3. Nc3 d5 4. e3 Bg7 5. h4 a5 6. Be2 h6 7. Nf3 c6 8. Qd2 Bg4
9. Ne5 Bxe2 10. Qxe2 Nbd7 11. Qd3 Qc8 12. Nxd7 Nxd7 13. e4 dxe4 14. Nxe4 Nf6
15. O-O-O Nd5 16. Bg3 Qf5 17. Rhe1 O-O 18. a3 Rfd8 19. Nc5 Qxd3 20. Rxd3 b6 21.
Na4 b5 22. Nc5 e6 23. c3 a4 24. Rf3 Ne7 25. Be5 Bxe5 26. Rxe5 Rd5 27. Re1 Kg7
28. Rfe3 Nf5 29. Re4 Nd6 30. R4e2 1/2-1/2

[Event "OLNN 1920 Preetzer TSV - SK Doppelbauer"]
[Site "?"]
[Date "2019.11.24"]
[Round "3.2"]
[White "Reinecker, Kai"]
[Black "Wanner, Lukas"]
[Result "1-0"]
[WhiteElo "2274"]
[BlackElo "2113"]
[PlyCount "77"]
[EventDate "2019.??.??"]

1. e4 c5 2. c3 d5 3. exd5 Nf6 4. Nf3 Nxd5 5. d4 e6 6. c4 Nf6 7. Nc3 cxd4 8.
Qxd4 Bd7 9. Bg5 Nc6 10. Qd2 Bb4 11. Bd3 h6 12. Bh4 g5 13. Bg3 Nh5 14. a3 Be7
15. Ne4 Qa5 16. Nd6+ Kf8 17. b4 Nxb4 18. O-O Nxg3 19. axb4 Qc7 20. Qc3 Rg8 21.
fxg3 Bxd6 22. Qf6 Be7 23. Qxh6+ Ke8 24. Bh7 Rf8 25. Nxg5 Bxg5 26. Qxg5 Qxc4 27.
Rf4 Qd5 28. Qf6 Bc6 29. Be4 Qd8 30. Bxc6+ bxc6 31. Qc3 Qb6+ 32. Kh1 Rd8 33. h4
Rd5 34. Rc4 Kd7 35. Qg7 Ke7 36. Rf1 Qb7 37. Rcf4 Rf5 38. Rxf5 exf5 39. Re1+ 1-0

[Event "OLNN 1920 Preetzer TSV - SK Doppelbauer"]
[Site "?"]
[Date "2019.11.24"]
[Round "3.3"]
[White "Rieper, Julian"]
[Black "Schwarz, Frank"]
[Result "1-0"]
[WhiteElo "2108"]
[BlackElo "2253"]
[PlyCount "111"]
[EventDate "2019.??.??"]

1. e4 e6 2. d4 d5 3. Nc3 Bb4 4. e5 c5 5. a3 Bxc3+ 6. bxc3 Qc7 7. Qg4 f5 8. Qg3
Nc6 9. Nf3 Nge7 10. Bd2 Bd7 11. Bd3 O-O-O 12. h4 Rdg8 13. O-O c4 14. Be2 Nd8
15. a4 h6 16. Bc1 Nf7 17. Ba3 Bc6 18. Nd2 g5 19. Bh5 Ng6 20. Bxg6 Rxg6 21. a5
f4 22. Qh2 gxh4 23. Nf3 Rhg8 24. Nxh4 Rg4 25. f3 Rg3 26. Bc1 Ng5 27. Kf2 Qh7
28. Ra2 Qf7 29. Ke2 Ne4 30. fxe4 Qh5+ 31. Ke1 Rxg2 32. Qxg2 Rxg2 33. Nxg2 f3
34. Nf4 Qh4+ 35. Rf2 dxe4 36. Be3 Qh1+ 37. Rf1 Qh2 38. Kd1 Qg3 39. Ra1 Bd7 40.
Kd2 Qh2+ 41. Rf2 Qh4 42. Rg1 Qd8 43. Ra1 Qh4 44. Ng6 Qg4 45. Nf8 Bc6 46. Nh7 b5
47. axb6 axb6 48. Nf6 Qg3 49. Rh1 b5 50. Rxh6 b4 51. Rh1 b3 52. cxb3 cxb3 53.
c4 Qg7 54. Rfh2 Qg3 55. Rh8+ Kb7 56. Rg8 1-0

[Event "OLNN 1920 Preetzer TSV - SK Doppelbauer"]
[Site "?"]
[Date "2019.11.24"]
[Round "3.4"]
[White "Junge, Kai"]
[Black "Saglam, Buelent"]
[Result "0-1"]
[WhiteElo "2187"]
[BlackElo "2113"]
[PlyCount "74"]
[EventDate "2019.??.??"]

1. Nf3 Nf6 2. g3 c5 3. Bg2 Nc6 4. O-O e5 5. d3 Be7 6. Nbd2 h6 7. e4 d6 8. a4
Bg4 9. h3 Be6 10. c3 Qd7 11. Kh2 g5 12. d4 cxd4 13. cxd4 exd4 14. b4 g4 15.
hxg4 Bxg4 16. b5 Ne5 17. Bb2 h5 18. Kg1 h4 19. Qb3 Be6 20. Qd1 hxg3 21. fxg3
Bh3 22. Nh4 Bxg2 23. Kxg2 Nfg4 24. Bxd4 Bxh4 25. gxh4 Rxh4 26. Rh1 Rxh1 27.
Qxh1 O-O-O 28. Bxa7 b6 29. Bxb6 Rg8 30. Rc1+ Kb8 31. Kf1 Qe6 32. Ke2 d5 33.
Bc7+ Kb7 34. exd5 Qe8 35. d6+ Nf3+ 36. Kd3 Nf2+ 37. Kc3 Qe3+ 0-1

[Event "OLNN 1920 Preetzer TSV - SK Doppelbauer"]
[Site "?"]
[Date "2019.11.24"]
[Round "3.5"]
[White "Petri, Alexander"]
[Black "Light, Bjarne"]
[Result "1-0"]
[WhiteElo "2115"]
[BlackElo "2239"]
[PlyCount "97"]
[EventDate "2019.??.??"]

1. d4 e6 2. Nf3 f5 3. g3 Nf6 4. Bg2 Be7 5. c4 O-O 6. O-O d6 7. Nc3 Ne4 8. Qc2
Nxc3 9. Qxc3 Bf6 10. Qd3 Nc6 11. d5 exd5 12. cxd5 Ne5 13. Nxe5 Bxe5 14. f4 Bf6
15. e4 c5 16. dxc6 bxc6 17. Rd1 Rb8 18. e5 Be7 19. exd6 Bf6 20. Qc4+ Kh8 21.
Be3 Rxb2 22. Bd4 Rb6 23. Bxc6 Ba6 24. Qc5 Be2 25. Rd2 Bxd4+ 26. Rxd4 Qf6 27.
Ba4 Bf3 28. d7 h6 29. Qxf8+ Qxf8 30. d8=Q Qxd8 31. Rxd8+ Kh7 32. Bb3 h5 33. Kf2
Be4 34. Rad1 h4 35. Bg8+ Kh8 36. Bd5+ Kh7 37. Bxe4 fxe4 38. gxh4 Rh6 39. Kg3
Rg6+ 40. Kf2 Ra6 41. R1d2 Ra3 42. Re8 Rf3+ 43. Kg2 Rxf4 44. Kg3 Rf3+ 45. Kg4
Re3 46. Kf4 Rh3 47. Rxe4 Rxh4+ 48. Kf3 Rh3+ 49. Kg4 1-0

[Event "OLNN 1920 Preetzer TSV - SK Doppelbauer"]
[Site "?"]
[Date "2019.11.24"]
[Round "3.6"]
[White "Skaanning-Pedersen, Kim"]
[Black "Ghadimi, Mohammed"]
[Result "1/2-1/2"]
[WhiteElo "2222"]
[BlackElo "2095"]
[PlyCount "86"]
[EventDate "2019.??.??"]

1. e4 c6 2. Nc3 d5 3. Nf3 Bg4 4. h3 Bxf3 5. Qxf3 e6 6. Be2 dxe4 7. Nxe4 Nd7 8.
d4 Ngf6 9. O-O Nxe4 10. Qxe4 Nf6 11. Qd3 Bd6 12. Rd1 Qc7 13. c4 O-O 14. Qb3
Rab8 15. Qf3 b6 16. Bg5 Be7 17. Rd2 Ne4 18. Qxe4 Bxg5 19. Rd3 Rfe8 20. Rad1 f5
21. Qf3 g6 22. Bf1 Rbd8 23. g3 Bf6 24. b3 c5 25. dxc5 bxc5 26. Rxd8 Rxd8 27.
Rxd8+ Bxd8 28. Qa8 Kg7 29. Bg2 Bf6 30. Qe8 Qd6 31. Bf3 Qe7 32. Qc6 e5 33. Qb7
e4 34. Qxe7+ Bxe7 35. Bd1 Kf6 36. f4 exf3 37. Bxf3 g5 38. Kf2 Bd6 39. g4 f4 40.
Ke2 Ke5 41. Kd3 h6 42. Bd5 Be7 43. Bf3 Bd6 1/2-1/2

[Event "OLNN 1920 Preetzer TSV - SK Doppelbauer"]
[Site "?"]
[Date "2019.11.24"]
[Round "3.7"]
[White "Buchholz, Sebastian"]
[Black "Willsch, Matthias"]
[Result "0-1"]
[WhiteElo "2165"]
[BlackElo "2169"]
[PlyCount "84"]
[EventDate "2019.??.??"]

1. e4 e6 2. d4 d5 3. Nc3 Bb4 4. e5 Qd7 5. a3 Bxc3+ 6. bxc3 b6 7. h4 Ba6 8. Bxa6
Nxa6 9. Rh3 Nb8 10. Nf3 Nc6 11. Qe2 Nge7 12. h5 h6 13. Nh4 O-O-O 14. Qa6+ Kb8
15. a4 Qc8 16. Qb5 a6 17. Qe2 Na5 18. Rf3 Rhf8 19. Ba3 Rde8 20. Qd3 Nc4 21. Qh7
Qd7 22. Bc1 Nf5 23. Nxf5 exf5 24. Qxg7 Rg8 25. Qxh6 Rxg2 26. Rg3 Rh2 27. Qg5
Nd6 28. f3 Qc6 29. Bd2 Nc4 30. Rg2 Rh1+ 31. Rg1 f6 32. Qg6 Rxg1+ 33. Qxg1 fxe5
34. Kd1 Nxd2 35. Kxd2 Qh6+ 36. Qe3 Qxh5 37. dxe5 Qh2+ 38. Qe2 Qxe2+ 39. Kxe2
Rxe5+ 40. Kd2 f4 41. Rh1 Re3 42. Rh5 c6 0-1

[Event "OLNN 1920 Preetzer TSV - SK Doppelbauer"]
[Site "?"]
[Date "2019.11.24"]
[Round "3.8"]
[White "Schwarzat, Julian"]
[Black "Nahnsen, Kenneth"]
[Result "1-0"]
[WhiteElo "2103"]
[BlackElo "1969"]
[PlyCount "63"]
[EventDate "2019.??.??"]

1. e4 d6 2. Nf3 Nf6 3. d3 e5 4. c3 Be7 5. g3 Nbd7 6. Bg2 h6 7. O-O c6 8. Qe2
Qc7 9. Re1 g5 10. Nbd2 Nf8 11. Nc4 Ng6 12. Ne3 Be6 13. Nf5 O-O-O 14. d4 Rdg8
15. b4 Qd7 16. dxe5 dxe5 17. Rd1 Qc7 18. Nxe7+ Qxe7 19. a4 g4 20. Nd2 h5 21.
Ba3 h4 22. Qe3 hxg3 23. hxg3 Nd7 24. Qxa7 Nf4 25. a5 Ne2+ 26. Kf1 Nxc3 27. a6
Nb8 28. b5 c5 29. Bxc5 Qd7 30. axb7+ Qxb7 31. Qxb7+ Kxb7 32. Ra7+ 1-0

[Event "OLNN 1920 SC Diogenes - Preetzer TSV"]
[Site "?"]
[Date "2019.12.08"]
[Round "4.1"]
[White "Ochsner, Bjorn Moller"]
[Black "Schulenburg, Fabian"]
[Result "1-0"]
[WhiteElo "2492"]
[BlackElo "2293"]
[PlyCount "49"]
[EventDate "2019.??.??"]

1. e4 d5 2. exd5 Qxd5 3. Nc3 Qa5 4. d4 Nf6 5. Nf3 c6 6. Bc4 Bf5 7. Bd2 Qc7 8.
Ne5 e6 9. g4 Be4 10. O-O Bd5 11. Nxd5 Nxd5 12. Bb3 Nd7 13. c4 N5b6 14. Bf4 Nxe5
15. Bxe5 Qd7 16. Qf3 f6 17. Bg3 Qxd4 18. Rfe1 e5 19. Rad1 Qc5 20. Bxe5 fxe5 21.
Qf5 Be7 22. Rxe5 Qb4 23. c5 Nd5 24. Bxd5 cxd5 25. Rdxd5 1-0

[Event "OLNN 1920 SC Diogenes - Preetzer TSV"]
[Site "?"]
[Date "2019.12.08"]
[Round "4.3"]
[White "Pedersen, Steffen"]
[Black "Schulenburg, Torben"]
[Result "1/2-1/2"]
[WhiteElo "2315"]
[BlackElo "2163"]
[PlyCount "31"]
[EventDate "2019.??.??"]

1. d4 Nf6 2. Nf3 g6 3. c4 Bg7 4. Nc3 d5 5. cxd5 Nxd5 6. Na4 O-O 7. e4 Nf6 8.
Nc3 c5 9. d5 e6 10. Be2 exd5 11. exd5 b6 12. O-O Bb7 13. d6 Nc6 14. Bf4 a6 15.
Qd2 Re8 16. Rad1 1/2-1/2

[Event "OLNN 1920 SC Diogenes - Preetzer TSV"]
[Site "?"]
[Date "2019.12.08"]
[Round "4.4"]
[White "Mach, Holger"]
[Black "Reinecker, Kai"]
[Result "1/2-1/2"]
[WhiteElo "2212"]
[BlackElo "2280"]
[PlyCount "35"]
[EventDate "2019.??.??"]

1. e4 e5 2. Bc4 Nf6 3. d3 Bc5 4. Nf3 Nc6 5. O-O O-O 6. c3 d5 7. exd5 Nxd5 8.
Re1 Nb6 9. Bb5 f6 10. Bxc6 bxc6 11. d4 exd4 12. cxd4 Bd6 13. Nc3 Re8 14. Qb3+
Kf8 15. Bd2 Bf5 16. Rxe8+ Qxe8 17. Re1 Qf7 18. Qxf7+ 1/2-1/2

[Event "OLNN 1920 SC Diogenes - Preetzer TSV"]
[Site "?"]
[Date "2019.12.08"]
[Round "4.5"]
[White "Schwarz, Frank"]
[Black "Laqua, Christian"]
[Result "1/2-1/2"]
[WhiteElo "2239"]
[BlackElo "2109"]
[PlyCount "38"]
[EventDate "2019.??.??"]

1. c4 e5 2. g3 d6 3. Bg2 f5 4. Nc3 Nf6 5. e3 Be7 6. Nge2 O-O 7. a3 c6 8. O-O
Be6 9. b3 Nbd7 10. d4 Bf7 11. Bb2 e4 12. f3 d5 13. cxd5 Nxd5 14. Nxd5 cxd5 15.
fxe4 fxe4 16. Bh3 Bd6 17. Nf4 Qe7 18. Rf2 Bxf4 19. Rxf4 Be6 1/2-1/2

[Event "OLNN 1920 SC Diogenes - Preetzer TSV"]
[Site "?"]
[Date "2019.12.08"]
[Round "4.6"]
[White "Gottuk, Stefan"]
[Black "Junge, Kai"]
[Result "1/2-1/2"]
[WhiteElo "2136"]
[BlackElo "2185"]
[PlyCount "72"]
[EventDate "2019.??.??"]

1. d4 Nf6 2. Bf4 g6 3. Nc3 d5 4. e3 Bg7 5. h4 c5 6. Be2 Qa5 7. Qd2 Nc6 8. a3 h6
9. Bf3 O-O 10. Nge2 c4 11. Nxd5 Qxd2+ 12. Kxd2 Nxd5 13. Bxd5 Rd8 14. Bxc4 e5
15. Bg3 exd4 16. e4 d3 17. Nc3 dxc2+ 18. Kxc2 Nd4+ 19. Kb1 Be6 20. Bxe6 fxe6
21. Ka2 b5 22. Rad1 a5 23. Bc7 Rdc8 24. Bb6 Nc6 25. Rh3 Rab8 26. Bc5 b4 27. Na4
bxa3 28. bxa3 Rb7 29. Rb3 Rf7 30. f3 Ne5 31. Rd2 Rfc7 32. Bb6 Rc1 33. Rb1 Rxb1
34. Kxb1 Nc4 35. Rd8+ Rxd8 36. Bxd8 Nxa3+ 1/2-1/2

[Event "OLNN 1920 SC Diogenes - Preetzer TSV"]
[Site "?"]
[Date "2019.12.08"]
[Round "4.7"]
[White "Willsch, Matthias"]
[Black "Apitzsch, Leon Fabian"]
[Result "1/2-1/2"]
[WhiteElo "2179"]
[BlackElo "1973"]
[PlyCount "118"]
[EventDate "2019.??.??"]

1. d4 Nf6 2. c4 c6 3. Nc3 d5 4. e3 e6 5. Nf3 Nbd7 6. Bd3 dxc4 7. Bxc4 b5 8. Bd3
Bb7 9. O-O Be7 10. Qe2 a6 11. Rd1 Qc7 12. e4 b4 13. Na4 c5 14. dxc5 Nxc5 15.
Nxc5 Bxc5 16. Bg5 Ng4 17. Bh4 O-O 18. Rac1 f6 19. Bc4 Rfe8 20. Bg3 Qb6 21. h3
Nh6 22. Rd7 Rac8 23. Kh2 Nf7 24. Rxb7 Qxb7 25. Bxa6 Qb6 26. Bxc8 Rxc8 27. Nd4
Ra8 28. Nxe6 Bxf2 29. Qc4 Bxg3+ 30. Kxg3 Qd6+ 31. Kf2 Ne5 32. Qc7 Qxe6 33. Rd1
Qc6 34. Rd8+ Rxd8 35. Qxd8+ Kf7 36. Qd4 Qc5 37. Qxc5 Nd3+ 38. Ke3 Nxc5 39. Kd4
Na4 40. b3 Nc3 41. a4 Ke6 42. Kc5 Nxa4+ 43. Kxb4 Nb2 44. Kc3 Nd1+ 45. Kd2 Nf2
46. Ke3 Nh1 47. Kf3 Ke5 48. g4 Ng3 49. Kxg3 Kxe4 50. h4 g6 51. h5 Ke3 52. hxg6
hxg6 53. b4 Ke4 54. b5 Kd5 55. Kf4 Kd6 56. Ke4 Kc5 57. b6 f5+ 58. gxf5 gxf5+
59. Kxf5 Kxb6 1/2-1/2

[Event "OLNN 1920 SC Diogenes - Preetzer TSV"]
[Site "?"]
[Date "2019.12.08"]
[Round "4.8"]
[White "Rieling, Thomas"]
[Black "Dittmann, Hans-Adolf"]
[Result "1-0"]
[WhiteElo "2058"]
[BlackElo "2089"]
[PlyCount "137"]
[EventDate "2019.??.??"]

1. e4 c5 2. Nc3 Nc6 3. g3 g6 4. Bg2 Bg7 5. d3 d6 6. f4 e6 7. Nf3 Nge7 8. O-O
O-O 9. Be3 Nd4 10. e5 Nef5 11. Bf2 Nxf3+ 12. Qxf3 Nd4 13. Qd1 d5 14. Na4 b6 15.
b4 Qe8 16. c3 Bd7 17. Nb2 Nb5 18. bxc5 Nxc3 19. Qd2 Na4 20. Nxa4 Bxa4 21. cxb6
axb6 22. Bxb6 Qc6 23. Be3 Rfc8 24. Rfc1 Qa6 25. Bc5 Rc6 26. Bf1 Rac8 27. d4 Bb5
28. Bxb5 Qxb5 29. a4 Qa6 30. a5 h5 31. Kf2 Bf8 32. Qe2 Bxc5 33. Qxa6 Rxa6 34.
dxc5 Kf8 35. Ke3 Ke7 36. Ra2 Kd7 37. Kd4 Rb8 38. Rcc2 Rb4+ 39. Kd3 Kc6 40. Ra1
Rb5 41. Rca2 Rxc5 42. Ra3 Rc4 43. Rb1 Rc5 44. Rba1 Kb7 45. Rb1+ Ka7 46. Rba1
Rb5 47. Rc1 Rb7 48. Rc8 Rd7 49. Rac3 Kb7 50. R8c5 Kb8 51. Rc8+ Kb7 52. R8c5 Kb8
53. Kd4 Rb7 54. Rc2 Ra8 55. Rc8+ Ka7 56. R8c6 Rab8 57. a6 Rb4+ 58. Kc5 R8b5+
59. Kd6 Rb6 60. Ke7 Rxc6 61. Rxc6 Rb6 62. Rd6 Kxa6 63. Kxf7 Kb5 64. Kxe6 d4 65.
Kf7 Rb7+ 66. Kxg6 Kc4 67. f5 d3 68. f6 Rb8 69. f7 1-0

[Event "OLNN 1920 SK Norderstedt - SV Diagonale"]
[Site "?"]
[Date "2019.12.08"]
[Round "4.1"]
[White "Kuberczyk, Christoph"]
[Black "Ostrovskiy, Andrey"]
[Result "1/2-1/2"]
[WhiteElo "2310"]
[BlackElo "2423"]
[PlyCount "44"]
[EventDate "2019.??.??"]

1. Nf3 Nf6 2. c4 e6 3. g3 d5 4. Bg2 Be7 5. O-O O-O 6. d4 c6 7. Qc2 b6 8. Rd1
Nbd7 9. Bf4 Bb7 10. Ne5 Nxe5 11. dxe5 Nd7 12. cxd5 cxd5 13. e4 dxe4 14. Nc3 Qc8
15. Bxe4 Bxe4 16. Qxe4 Nc5 17. Qe3 Qc6 18. Rac1 a5 19. h4 Rfd8 20. h5 h6 21. g4
Rxd1+ 22. Rxd1 Rd8 1/2-1/2

[Event "OLNN 1920 SK Norderstedt - SV Diagonale"]
[Site "?"]
[Date "2019.12.08"]
[Round "4.2"]
[White "Kopylov, Michael"]
[Black "Wasmuth, Matthias"]
[Result "1-0"]
[WhiteElo "2411"]
[BlackElo "2167"]
[PlyCount "121"]
[EventDate "2019.??.??"]

1. d4 Nf6 2. c4 e5 3. dxe5 Ne4 4. Nf3 Bb4+ 5. Nbd2 Nc6 6. g3 Qe7 7. Bg2 Nxe5 8.
O-O Nxd2 9. Nxd2 Bxd2 10. Qxd2 O-O 11. b3 d6 12. Ba3 Rb8 13. Rac1 b6 14. Bb2
Bb7 15. Bd5 Kh8 16. Bxb7 Rxb7 17. Qd5 c6 18. Qe4 f5 19. Qe3 Ng4 20. Qf3 Rc7 21.
Rfd1 Qe6 22. Rd4 Ne5 23. Qf4 Nf7 24. e4 fxe4 25. Rxe4 Qh6 26. Qf5 Kg8 27. Rh4
Qg6 28. Qxg6 hxg6 29. Rg4 Ne5 30. Bxe5 dxe5 31. Re1 Rd7 32. Re2 Kf7 33. Rxe5
Rd1+ 34. Kg2 Rd2 35. Rf4+ Kg8 36. Rxf8+ Kxf8 37. a4 Rb2 38. Re3 Kf7 39. h4 Kf6
40. Kf3 g5 41. h5 Kf5 42. g4+ Kf6 43. Rd3 Ke5 44. Ke3 a6 45. f3 a5 46. Rc3 Ke6
47. Ke4 Re2+ 48. Re3 Rf2 49. Kd4+ Kd6 50. Rd3 Rf1 51. c5+ bxc5+ 52. Kc4+ Kc7
53. Kxc5 Re1 54. Rc3 Re8 55. Kd4 Rf8 56. Rc5 Rxf3 57. Rxg5 Rxb3 58. Rxg7+ Kd6
59. Rg6+ Ke7 60. h6 Rb4+ 61. Ke5 1-0

[Event "OLNN 1920 SK Norderstedt - SV Diagonale"]
[Site "?"]
[Date "2019.12.08"]
[Round "4.3"]
[White "Becker, Martin"]
[Black "Powierski, Emil"]
[Result "0-1"]
[WhiteElo "1915"]
[BlackElo "2303"]
[PlyCount "120"]
[EventDate "2019.??.??"]

1. e4 c6 2. d4 d5 3. e5 c5 4. dxc5 e6 5. a3 Bxc5 6. b4 Bb6 7. Nf3 Ne7 8. Bd3 a5
9. Bb2 Na6 10. O-O axb4 11. axb4 Bd7 12. c3 Ng6 13. Qd2 O-O 14. Na3 Qe7 15.
Rfe1 Rfd8 16. Nc2 Nc7 17. Ncd4 Qe8 18. h4 Rxa1 19. Bxa1 Bxd4 20. cxd4 Bb5 21.
Rc1 Na6 22. Bb1 Qe7 23. h5 Nh4 24. Ng5 h6 25. Nh3 Bc4 26. Bc3 Nc7 27. Qf4 Nb5
28. Bd2 Nf5 29. Bxf5 exf5 30. Qe3 Ra8 31. Nf4 Ra3 32. Bc3 Nxc3 33. Rxc3 Ra1+
34. Rc1 Rxc1+ 35. Qxc1 Qxb4 36. Qe3 Qe7 37. e6 fxe6 38. Qe5 b5 39. Nxe6 Kf7 40.
Qxf5+ Qf6 41. Nd8+ Ke8 42. Qxf6 gxf6 43. Nc6 Kd7 44. Nb4 Ke6 45. f3 Kf5 46. Kf2
Kg5 47. g4 f5 48. Kg3 fxg4 49. fxg4 Bb3 50. Nc6 Bd1 51. Nb4 Bb3 52. Nc6 Bd1 53.
Nb4 Bxg4 54. Nxd5 Bxh5 55. Kf2 Bf7 56. Nc3 b4 57. Nb1 b3 58. Ke3 Bg6 59. Nc3 b2
60. d5 b1=Q 0-1

[Event "OLNN 1920 SK Norderstedt - SV Diagonale"]
[Site "?"]
[Date "2019.12.08"]
[Round "4.4"]
[White "Polischuk, Viktor"]
[Black "Doederlein, Etienne"]
[Result "1-0"]
[WhiteElo "2285"]
[BlackElo "1877"]
[PlyCount "71"]
[EventDate "2019.??.??"]

1. e4 c6 2. d4 d5 3. e5 c5 4. dxc5 e6 5. Nf3 Bxc5 6. Bd3 Ne7 7. O-O Ng6 8. Qe2
Nd7 9. Re1 O-O 10. c3 Qc7 11. a4 a5 12. Na3 Nb6 13. Be3 Bxe3 14. Qxe3 Bd7 15.
Bxg6 fxg6 16. b3 Rac8 17. Rac1 Qc5 18. Nc2 Qxe3 19. Rxe3 Rc7 20. Ncd4 h6 21.
Ne2 g5 22. h4 gxh4 23. Nxh4 Kh7 24. g3 g5 25. Nf3 Kg6 26. Nfd4 Nc8 27. g4 Na7
28. Ra1 b6 29. Kg2 Rcc8 30. Rh3 Rc7 31. Rah1 Rh8 32. Rf3 Nc6 33. Rf6+ Kg7 34.
Rxe6 Nxd4 35. Nxd4 Rxc3 36. Re7+ 1-0

[Event "OLNN 1920 SK Norderstedt - SV Diagonale"]
[Site "?"]
[Date "2019.12.08"]
[Round "4.5"]
[White "Holst, Marten"]
[Black "Hagenstein, Frank"]
[Result "0-1"]
[WhiteElo "1933"]
[BlackElo "2245"]
[PlyCount "68"]
[EventDate "2019.??.??"]

1. b3 c5 2. Bb2 Nc6 3. f4 d6 4. e3 a6 5. Nf3 Nf6 6. Nc3 b5 7. a3 e5 8. fxe5
dxe5 9. d3 g6 10. e4 Qd6 11. Be2 Bg7 12. O-O O-O 13. Bc1 Nd4 14. Kh1 Bb7 15. a4
Bc6 16. Bd2 Nd7 17. Ra2 Nb6 18. a5 Nd7 19. Qe1 Rad8 20. Nh4 c4 21. dxc4 Nc5 22.
Bf3 bxc4 23. bxc4 f5 24. Bg5 Rde8 25. exf5 Nxf3 26. Nxf3 e4 27. Nh4 e3 28. Ne2
gxf5 29. Qg3 Qe6 30. Ra3 Ne4 31. Qf4 Nf2+ 32. Kg1 Be5 33. Qxe3 Ng4 34. Nf4 Qxc4
0-1

[Event "OLNN 1920 SK Norderstedt - SV Diagonale"]
[Site "?"]
[Date "2019.12.08"]
[Round "4.7"]
[White "Cotaru, Andrei"]
[Black "Bohnsack, Ralf"]
[Result "0-1"]
[WhiteElo "1845"]
[BlackElo "2155"]
[PlyCount "60"]
[EventDate "2019.??.??"]

1. c4 c5 2. g3 Nc6 3. Bg2 g6 4. Nc3 Bg7 5. d3 d6 6. f4 e6 7. e3 Nge7 8. Nge2
O-O 9. O-O d5 10. cxd5 exd5 11. d4 cxd4 12. Nxd4 Nxd4 13. exd4 Be6 14. Be3 Qd7
15. Qd2 Rac8 16. Rac1 Rc7 17. Ne2 Rfc8 18. Rxc7 Rxc7 19. Rc1 Nf5 20. Bf2 h5 21.
Bf3 Qc8 22. Rxc7 Qxc7 23. b3 b6 24. Kf1 Qc6 25. Ke1 Nd6 26. Qc3 Qd7 27. Bg2 Bg4
28. Bxd5 Bxe2 29. Kxe2 Nb5 30. Qc4 Qxd5 0-1

[Event "OLNN 1920 Schachfreunde HH - SK Doppelb"]
[Site "?"]
[Date "2019.12.08"]
[Round "4.1"]
[White "Arndt, Magnus"]
[Black "Bokelbrink, Uwe"]
[Result "1-0"]
[WhiteElo "2282"]
[BlackElo "2252"]
[PlyCount "29"]
[EventDate "2019.??.??"]

1. d4 Nf6 2. Bg5 Ne4 3. Bf4 c5 4. f3 Qa5+ 5. c3 Nf6 6. d5 Qb6 7. e4 e6 8. Na3
exd5 9. exd5 Qxb2 10. Nb5 Na6 11. d6 g5 12. Bd2 Nd5 13. Bc4 Ne3 14. Bxe3 Qxg2
15. Qd5 1-0

[Event "OLNN 1920 Schachfreunde HH - SK Doppelb"]
[Site "?"]
[Date "2019.12.08"]
[Round "4.2"]
[White "Ritscher, Jan-Paul"]
[Black "Beeck, Mats"]
[Result "1-0"]
[WhiteElo "2253"]
[BlackElo "2105"]
[PlyCount "53"]
[EventDate "2019.??.??"]

1. d4 Nf6 2. c4 g6 3. g3 Bg7 4. Bg2 O-O 5. Nc3 d6 6. Nf3 c5 7. O-O Nc6 8. d5
Na5 9. Qd3 a6 10. Rb1 b5 11. cxb5 axb5 12. b4 cxb4 13. Rxb4 Nb7 14. Nd4 Nc5 15.
Qb1 Ba6 16. Ncxb5 Bxb5 17. Rxb5 Re8 18. Nc6 Qc8 19. Be3 Nfd7 20. Rc1 Qa6 21.
Rc2 h6 22. Ra5 Qxa5 23. Nxa5 Rxa5 24. Bh3 f5 25. g4 fxg4 26. Bxg4 Ne5 27. Bh3
1-0

[Event "OLNN 1920 Schachfreunde HH - SK Doppelb"]
[Site "?"]
[Date "2019.12.08"]
[Round "4.3"]
[White "Wanner, Lukas"]
[Black "Kull, Florian"]
[Result "1/2-1/2"]
[WhiteElo "2099"]
[BlackElo "2149"]
[PlyCount "103"]
[EventDate "2019.??.??"]

1. c4 c6 2. g3 d5 3. Nf3 Nf6 4. Bg2 g6 5. b3 Bg7 6. Bb2 O-O 7. O-O a5 8. d3 Na6
9. Nbd2 Bg4 10. a3 dxc4 11. Nxc4 Nc5 12. b4 Bxf3 13. Bxf3 axb4 14. axb4 Ne6 15.
e3 Rxa1 16. Bxa1 Qa8 17. Qb3 Rd8 18. Be5 Nd7 19. Bxg7 Nxg7 20. d4 Qa7 21. b5 c5
22. Rd1 cxd4 23. Rxd4 Ne6 24. Rd1 b6 25. Bc6 Ndc5 26. Qc2 Rxd1+ 27. Qxd1 Qa4
28. Qd5 Qa7 29. h4 h5 30. Kg2 Qc7 31. e4 Kg7 32. e5 Qa7 33. Be8 Qb8 34. Bc6 Qa7
35. Ne3 Qa4 36. Qd2 Ne4 37. Qb2 N4c5 38. Qc3 Ne4 39. Qc4 N4c5 40. Qxa4 Nxa4 41.
Nd5 Kf8 42. f4 Nd4 43. Kf2 e6 44. Nf6 Ke7 45. Ne4 Nc5 46. Nd6 Na4 47. Ke3 Nf5+
48. Nxf5+ exf5 49. Kd4 Nc5 50. Bf3 Kd7 51. Bc6+ Ke7 52. Bf3 1/2-1/2

[Event "OLNN 1920 Schachfreunde HH - SK Doppelb"]
[Site "?"]
[Date "2019.12.08"]
[Round "4.4"]
[White "Hermesmann, Hans"]
[Black "Rieper, Julian"]
[Result "0-1"]
[WhiteElo "2219"]
[BlackElo "2119"]
[PlyCount "76"]
[EventDate "2019.??.??"]

1. d4 Nf6 2. c4 c5 3. d5 b5 4. Qc2 e6 5. e4 exd5 6. exd5 Be7 7. Nf3 O-O 8. Nc3
a6 9. Bd3 Re8 10. O-O bxc4 11. Bxc4 d6 12. h3 Nbd7 13. a4 Nb6 14. Ba2 c4 15.
Rd1 Bb7 16. a5 Nbxd5 17. Bxc4 Nb4 18. Qe2 d5 19. Bb3 Bc5 20. Qf1 h6 21. Nd4
Bxd4 22. Rxd4 Nc6 23. Rd3 Nxa5 24. Ba2 Rc8 25. Qd1 Nc4 26. Bxc4 Rxc4 27. Be3
Re6 28. Bd4 Ne4 29. Qb3 Qc7 30. Rad1 Nxc3 31. Bxc3 Rg6 32. Bd4 a5 33. Re3 Bc6
34. Qa3 Qf4 35. Qd3 Ba4 36. b3 Bxb3 37. Re8+ Kh7 38. Be3 Qf3 0-1

[Event "OLNN 1920 Schachfreunde HH - SK Doppelb"]
[Site "?"]
[Date "2019.12.08"]
[Round "4.5"]
[White "Saglam, Buelent"]
[Black "Neffe, Axel"]
[Result "0-1"]
[WhiteElo "2125"]
[BlackElo "2235"]
[PlyCount "198"]
[EventDate "2019.??.??"]

1. e4 e5 2. Nf3 Nc6 3. Bc4 Nf6 4. d3 Bc5 5. c3 a6 6. O-O Ba7 7. d4 Qe7 8. Bd5
d6 9. Bxc6+ bxc6 10. dxe5 dxe5 11. Qe2 Nd7 12. Be3 Bb6 13. Nbd2 a5 14. Rfd1 Ba6
15. c4 O-O 16. Nf1 Nc5 17. Ng3 g6 18. Qc2 Bc8 19. Bh6 Re8 20. h3 f6 21. Be3 Be6
22. b3 Rad8 23. a3 Rxd1+ 24. Rxd1 a4 25. b4 Nb3 26. Re1 c5 27. Nd2 cxb4 28.
Nxb3 axb3 29. Qxb3 Bxe3 30. Rxe3 bxa3 31. Qa4 Qc5 32. Rxa3 Qxc4 33. Qa5 Rc8 34.
Rc3 Qa2 35. Qc5 Kf7 36. Qc6 Qb1+ 37. Kh2 Qb6 38. Nf1 Qxc6 39. Rxc6 Bd7 40. Rc5
Ke7 41. Ne3 c6 42. g4 Be6 43. Kg3 Kd6 44. Rc3 c5 45. Rd3+ Ke7 46. Rc3 c4 47.
Kf3 Kd6 48. Nd1 Rb8 49. Ke2 Kc5 50. Rf3 Rf8 51. Kd2 Kd4 52. Nc3 f5 53. exf5
gxf5 54. Re3 Bd7 55. gxf5 Bxf5 56. Ne2+ Kd5 57. Nc3+ Kd6 58. Nb5+ Ke6 59. f4 e4
60. Kc3 Kd5 61. Nc7+ Kc6 62. Na6 Ra8 63. Nb4+ Kc5 64. Nc2 Rd8 65. Nb4 Rd1 66.
Na6+ Kb5 67. Nc7+ Kc6 68. Ne8 Rd3+ 69. Rxd3 cxd3 70. Kd2 Bxh3 71. Ng7 Bg4 72.
f5 Kd6 73. f6 h5 74. Ke3 h4 75. Ne8+ Ke6 76. f7 Kxf7 77. Nd6+ Kg6 78. Nxe4 Bf5
79. Nf2 Kg5 80. Kf3 h3 81. Ke3 Kh4 82. Kf4 h2 83. Kf3 Be4+ 84. Ke3 Kg3 85.
Nxe4+ Kg2 86. Nf2 d2 87. Ke2 d1=Q+ 88. Nxd1 h1=Q 89. Ne3+ Kg3 90. Nf1+ Kf4 91.
Nd2 Qh3 92. Nc4 Qf3+ 93. Kd2 Ke4 94. Nb2 Kd4 95. Nd1 Qg2+ 96. Ke1 Kd3 97. Nf2+
Ke3 98. Nd1+ Kf3 99. Nc3 Qc2 0-1

[Event "OLNN 1920 Schachfreunde HH - SK Doppelb"]
[Site "?"]
[Date "2019.12.08"]
[Round "4.6"]
[White "Hourigan, Gerrit"]
[Black "Petri, Alexander"]
[Result "1/2-1/2"]
[WhiteElo "2301"]
[BlackElo "2128"]
[PlyCount "37"]
[EventDate "2019.??.??"]

1. e4 c6 2. d4 d5 3. e5 Bf5 4. Nf3 e6 5. Be2 Nd7 6. O-O h6 7. Nbd2 Ne7 8. Nb3
Nc8 9. Be3 Be7 10. Ne1 O-O 11. f4 Be4 12. c4 dxc4 13. Nd2 Bh7 14. Nxc4 Ncb6 15.
Nxb6 Nxb6 16. Bd3 Nd5 17. Qd2 Nxe3 18. Qxe3 Qd5 19. Bxh7+ 1/2-1/2